000 01192cam a22002894a 4500
001 15367227
003 OSt
005 20250425154354.0
008 080715s2008 ne 001 0 eng
010 _a 2008612765
020 _a9789041128423
020 _a9041125760
040 _aDLC
_cDLC
043 _ae------
050 0 0 _aKJE5632
_b.E927 2009
245 0 0 _aEuropean public procurement law : Part II - Remedies
_bthe European public procurement directives and 15 years of jurisprudence by the Court of Justice of the European Communities : texts and analysis /
_c[edited by] Constant De Koninck, Peter Flamey
260 _aAlphen aan den Rijn :
_bKluwer Law International ;
_aFrederick, MD :
_bSold and distributed in North, Central, and South America by Aspen Publishers,
_cc2009.
300 _axvi, 585 p. ;
_c25 cm.
500 _aIncludes index.
650 0 _aGovernment purchasing
_xLaw and legislation
_zEuropean Union countries.
650 0 _aPublic contracts
_zEuropean Union countries.
700 1 _aKoninck, Constant De.
700 1 _aPeter Flamey.
906 _a7
_bcbc
_corigres
_d2
_encip
_f20
_gy-gencatlg
942 _2lcc
_cBK
_n0
999 _c5553
_d5553